000 00749nam a2200229 a 4500
001 000044157
003 DO-SdBNP
005 20250129073605.0
007 ta
008 140602s2008 dr a 000 0 spa d
020 _a9789945405989
040 _aDO-SdBNP
_bspa
_cBNPHU
082 4 _222
100 1 _aNúñez, Juan Gilberto
_934480
245 1 0 _aDuarte en mi corazón de niño /
_cJuan Gilberto Núñez. ; prólogo Juan Daniel Balcácer.
260 _aSanto Domingo :
_bFundación Luces y Sombras,
_c2008.
300 _a105 p. :
_bil. ;
_c24 cm.
500 _aIncluye datos biográficos del autor en las solapa de la cubierta
590 _aInventariado, 2022/BT
700 1 _aBalcácer, Juan Daniel,
_d1949-
_epról.
_96566
942 _2ddc
_cLBS1
999 _c43646
_d43646